| 000 | 00645cam a22002413a 4500 | ||
|---|---|---|---|
| 001 | 32532 | ||
| 003 | PGUSA | ||
| 005 | 20140828083714.0 | ||
| 008 | 100526s2010||||xxu|||||s|||||000 p eng d | ||
| 040 |
_aPGUSA _beng |
||
| 042 | _adc | ||
| 050 | 4 | _aPR | |
| 100 | 1 |
_aMasefield, John, _d1878-1967 |
|
| 245 | 1 | 0 |
_aKing Cole _h[electronic resource] / _cJohn Masefield |
| 260 |
_bProject Gutenberg, _c2010 |
||
| 506 | _aPublic domain in the USA. | ||
| 516 | _aElectronic text | ||
| 653 | _aPoetry | ||
| 700 | 1 |
_aMasefield, Judith, _d1904- |
|
| 830 | 0 |
_aProject Gutenberg _v32532 |
|
| 856 | 4 | 0 | _uhttp://www.gutenberg.org/ebooks/32532 |
| 942 | _cEB | ||
| 999 |
_c261787 _d261787 |
||